| 000 | 00536cam a22001697a 4500 | ||
|---|---|---|---|
| 008 | 180718b2010 xxu||||| |||| 00| 0 eng d | ||
| 020 | _a9780091925550 | ||
| 082 | _aA99 B575 | ||
| 100 | _aBlair, Tony | ||
| 245 |
_aA journey: Tony Blair _cby Tony Blair |
||
| 260 |
_aLondon _bHutchinson _c2010 |
||
| 300 | _a718p. | ||
| 650 | _aGreat Britain -- Politics and government -- 1997-2007 | ||
| 650 | _aPoliticians -- Great Britain -- Biography | ||
| 650 | _aEx-prime ministers -- Great Britain -- Biography | ||
| 650 | _aBlair, Tony, 1953- | ||
| 999 |
_c441086 _d441086 |
||